| 000 | 00694nam a2200241 4500 | ||
|---|---|---|---|
| 003 | OSt | ||
| 005 | 20240726063157.0 | ||
| 006 | a | ||
| 008 | 240726b |||||||| |||| 00| 0 eng d | ||
| 020 | _a9781435454781 | ||
| 040 |
_aDWCL-Main lib. _cOC |
||
| 082 | _aCirc. 794.8 Al372i 2011 | ||
| 100 | _aAlessi, Jeremy | ||
| 245 | _aiPhone 3D Game programing all in one / | ||
| 260 |
_aBoston : _bCourse Technology, _cc2011. |
||
| 300 |
_axiv, _b415 p. : ill. ; _c23 cm. |
||
| 504 | _aIncludes index. | ||
| 650 | _a1. iPhone ( Smartphone). | ||
| 650 | _a2. Cellular telephones. | ||
| 650 | _a3. Pocket computers. | ||
| 650 | _a4. Mobile games-Design. | ||
| 942 |
_2ddc _n0 _cBK-CIRC _kCirc. |
||
| 999 |
_c2812 _d2812 |
||